| 000 | 00849nam a22002417a 4500 | ||
|---|---|---|---|
| 999 |
_c65342 _d65342 |
||
| 005 | 20240530110820.0 | ||
| 008 | 190711s2011 sy g 000 0 ara d | ||
| 020 | _a9789933410582 | ||
| 040 |
_aEG-CaGPL _cEG-CaGPL |
||
| 082 | 0 | 4 |
_221 _a935.03/ _bس ع |
| 100 | 1 | _aساغر، هارى | |
| 245 | 1 | 0 |
_aعظمة اشور / _cتاليف هارى ساغر ؛ ترجمة اسعد عيسى، احمد غسان سبانو |
| 260 |
_aدمشق : _bدار ومؤسسة رسلان، _c2011. |
||
| 300 |
_a495 ص. ؛ _c24 سم. |
||
| 650 | _2qrmak | ||
| 651 | 0 | 7 |
_2qrmak _aاشور _xوصف ورحلات |
| 651 | 0 | 7 |
_2qrmak _aاشور _xتاريخ |
| 651 | 0 | 7 |
_2qrmak _aاشور _xاثار |
| 700 | 0 |
_aاسعد عيسى _eمترجم |
|
| 700 | 0 |
_aاحمد غسان سبانو _eمترجم |
|
| 942 |
_2ddc _cBK |
||